[Event "Almaty Open 2017"]
[Site "Almaty"]
[Date "2017.10.05"]
[Round "3"]
[White "Salimov, Ruslan"]
[Black "Askarov, Bakhtiyar"]
[Result "0-1"]
[WhiteElo "2145"]
[BlackElo "2407"]
[Annotator "TA"]
[PlyCount "76"]
[EventDate "2017.??.??"]
[EventType "swiss"]
[EventCountry "KAZ"]
[SourceTitle "playchess.com"]
[Source "ChessBase"]
[SourceQuality "1"]

{[%evp 18,76,18,17,41,27,39,0,27,29,41,-13,-4,-3,21,20,11,-42,-28,-34,0,-49,-62,-54,-70,-69,-76,-129,-125,-122,-97,-131,-119,-150,-160,-148,-157,-152,-145,-137,-166,-371,-359,-391,-400,-415,-417,-939,-916,-1345,-1341,-29975,-29976,-29976,-29977,-29968,-29965,-29989,-29980,-29987,-29988]} 1. d4 Nf6 2. c4 g6 3. Nc3 Bg7 4. g3 O-O 5. Bg2 d6 6. e4 Nbd7 7. Nf3 e5 8. d5 Nc5 9. Qc2 a5 10. O-O {LiveBook: 7 Partien} Ne8 {E67: Königsindisch (Hauptvariante des g3-Systems ohne e2-e4)} (10... Nh5 11. Be3 f5 12. exf5 Bxf5 13. Qd2 b6 14. Ng5 Nf6 15. Bxc5 bxc5 16. Bh3 Bxh3 17. Nxh3 Qd7 18. Kg2 Qg4 19. f4 Nh5 20. Rae1 exf4 21. Nxf4 Bh6 22. Nce2 Rae8 23. Qxa5 Bxf4 24. Nxf4 Rxe1 {0-1 (24) Golubov,S (2481)-Gupta,A (2637) Abu Dhabi 2016}) 11. Be3 (11. Bg5 $5 {[%cal Rg5d8]} f6 12. Be3 $11) 11... f5 12. Qd2 $146 ({Vorgänger:} 12. Bg5 Nf6 13. Nd2 h6 14. Be3 b6 15. a3 Ng4 16. Bxc5 bxc5 17. h3 {0-1 (41) Toledo,J (1862)-Churba,D (2111) Montevideo 2017}) 12... b6 {Die Stellung ist ausgeglichen.} 13. exf5 gxf5 14. Bxc5 (14. Ng5 $14) 14... bxc5 $11 15. Ng5 Bh6 16. f4 {Droht Se6 und aus.} Ng7 17. Ne6 (17. Rae1 $11) 17... Nxe6 $15 18. dxe6 Rb8 19. Qd5 {zielt auf e7+ ab.} (19. Bd5 $5 {[%cal Re6e7]} Qe7 20. Nb5 $14) 19... Qe7 20. fxe5 Rxb2 {Droht stark ...Lb7.} 21. exd6 cxd6 22. Qd1 (22. Qd3 $142) 22... Bxe6 $17 ({Lieber nicht} 22... Qxe6 23. Bd5 $16) 23. Re1 Bg7 {[%cal Bh6g7,Bg7d4,Bd4e5][%mdl 32]} 24. Nd5 Qf7 25. Rc1 Rxa2 26. Nf4 Bd4+ 27. Kh1 {[#]} Rxg2 $1 28. Kxg2 (28. Nxg2 Bxc4) 28... Bxc4 29. h4 $2 (29. Rxc4 {ist eine bessere Verteidigung.} Qxc4 30. Re7) 29... Bb3 $19 30. Qd3 a4 31. Qa6 Be5 32. Nd3 (32. Rf1 $142) 32... Bd5+ 33. Kh3 {[#]} Bxg3 $1 {[%mdl 512] ( -> ...f4)} 34. Rg1 (34. Kxg3 Qg7+) 34... f4 {Schwarz setzt Matt.} 35. Nxf4 Qxf4 {[%csl Gg3][%cal Rf4h4]} 36. Rxg3+ Kh8 37. Rcg1 Qf5+ 38. Rg4 h5 {Precision: Weiß = 27%, Schwarz = 72%.} 0-1

[Event "Almaty Open 2017"]
[Site "Almaty"]
[Date "2017.10.05"]
[Round "3"]
[White "Zhunusov, Murat"]
[Black "Akhmetov, Ayan"]
[Result "0-1"]
[WhiteElo "2140"]
[BlackElo "2397"]
[Annotator "TA"]
[PlyCount "60"]
[EventDate "2017.??.??"]
[EventType "swiss"]
[EventCountry "KAZ"]
[SourceTitle "playchess.com"]
[Source "ChessBase"]
[SourceQuality "1"]

{[%evp 18,60,4,-1,7,0,0,0,0,-25,-10,-56,-35,-68,26,-96,0,0,0,0,262,242,220,215,231,213,252,218,405,-52,-52,-154,-130,-136,-100,-130,-87,-152,-161,-285,-283,-302,-297,-476,-467]} 1. e4 c5 2. Nf3 e6 3. d4 cxd4 4. Nxd4 Nf6 5. Bd3 d6 6. Nc3 Be7 7. f4 Nc6 8. Nf3 a6 9. O-O O-O 10. Kh1 Qc7 {B82: Sicilian Scheveningen: 6 f4} (10... b5 11. a3 Bb7 12. Qe1 b4 13. axb4 Nxb4 14. Nd4 Nd7 15. Nb3 a5 16. Qe2 Nxd3 17. cxd3 Qb6 18. Nd2 Nc5 19. Nc4 Qc7 20. Nb5 {1-0 (52) Barrientos Chavarriaga,S (2500)-Perpinya Rofes,L (2394) Badalona 2012}) 11. a3 b5 {[%cal Bb7b5,Bb5b4][%mdl 32]} 12. Qe1 b4 {The position is equal.} 13. Nd1 d5 $146 ({Predecessor:} 13... a5 14. e5 Nd5 15. c4 Nb6 16. exd6 Qxd6 {0-1 (37) De Sousa,J (2275)-Bartha,S (2280) Bagneux 1993}) 14. Nf2 a5 15. Qe2 Rd8 (15... dxe4 $15 16. Nxe4 Bb7) 16. a4 (16. e5 $1 $11 Nd7 17. axb4 Nxb4 18. Be3) 16... Bb7 (16... dxe4 $17 17. Nxe4 Bb7) 17. e5 $1 $11 {[%cal Re5f6]} Nd7 18. Be3 Nc5 $2 {[%mdl 8192]} (18... h6 $11 {and Black is okay.}) 19. Bxc5 $1 $18 Bxc5 {[#]} 20. Bxh7+ $1 {[%mdl 512]} Kxh7 21. Ng5+ Kg8 {[%cal Bh7g8,Bg8f8,Bf8e7,Be7d7][%mdl 32] Strongly threatening ...Be7.} 22. Qh5 Bxf2 $2 (22... Nd4) 23. Qh7+ $2 (23. f5 $1 $18 {[%cal Rf5f6] White threatens f6 and mate.} exf5 24. Rxf2) 23... Kf8 $15 {Hoping for ...Be3.} 24. Qh8+ ({Better is} 24. Rxf2 $15 Nd4 25. Qh8+ Ke7 26. Qxg7) 24... Ke7 $17 25. Qxg7 {[%csl Gg5][%cal Rg7f7]} Rf8 26. Rxf2 Nd4 $1 {White must now prevent ...Rac8.} 27. Rd1 {[#]} ({White should play} 27. f5 Nxf5 28. Nxe6 Nxg7 29. Nxc7) 27... Qc5 $1 28. Qf6+ (28. Rfd2 $142 Nf5 29. Nxe6 Nxg7 30. Nxc5) 28... Kd7 $19 29. Rfd2 {[#]} Nf5 $1 ({Not} 29... Nxc2 30. f5 $15) 30. Ne4 $2 (30. Nh7) 30... Qe3 {Precision: White = 35%, Black = 44%.} 0-1

[Event "Almaty Open 2017"]
[Site "Almaty"]
[Date "2017.10.07"]
[Round "6"]
[White "Filippov, Anton"]
[Black "Vokhidov, Shamsiddin"]
[Result "1/2-1/2"]
[WhiteElo "2592"]
[BlackElo "2399"]
[Annotator "TA"]
[PlyCount "61"]
[EventDate "2017.??.??"]
[EventType "swiss"]
[EventCountry "KAZ"]
[SourceTitle "playchess.com"]
[Source "ChessBase"]
[SourceQuality "1"]

{[%evp 27,61,42,33,13,27,27,28,28,33,34,67,63,62,40,52,34,49,55,45,35,63,63,62,51,62,62,79,83,79,75,93,93,93,93,94,94]} 1. e4 e5 2. Nf3 Nc6 3. d4 exd4 4. Nxd4 Nf6 5. Nc3 Bb4 6. Nxc6 bxc6 7. Bd3 d5 8. exd5 cxd5 9. O-O O-O 10. Bg5 c6 11. Qf3 Be6 12. Ne2 {C47: Scotch Four Knights and Four Knights with 4 g3} h6 13. Bxf6 Qxf6 14. Qxf6 gxf6 {LiveBook: 4 Games} 15. Ng3 (15. Nd4 {keeps more tension.} Rac8 16. c3 Bc5 17. b4 Bd6 18. Nf5) 15... Bd6 (15... c5 {with more complications.} 16. Nh5 f5 17. Rab1 Rab8 18. Rfd1 Rfd8) 16. Nf5 Bxf5 17. Bxf5 Rab8 18. b3 c5 $146 ({Predecessor:} 18... Rfe8 19. Rfe1 Bb4 20. Rxe8+ Rxe8 21. Kf1 Re5 22. Bd7 c5 {1-0 (69) Heinemann,T (2461)-Murdzia,P (2449) Germany 2014}) 19. Rad1 d4 20. Bd7 Rb7 21. Ba4 Re7 22. Rfe1 Re5 23. g3 Rc8 24. Bb5 Rb8 25. Bc4 Rbe8 26. Kf1 Kf8 27. f4 {White is better.} Rxe1+ 28. Rxe1 Rxe1+ 29. Kxe1 Bc7 30. Ke2 Ba5 31. Kd3 {Precision: White = 58%, Black = 33%.} 1/2-1/2

[Event "Almaty Open 2017"]
[Site "Almaty"]
[Date "2017.10.08"]
[Round "6"]
[White "Fier, Alexandr"]
[Black "Kekelidze, Mikheil"]
[Result "1-0"]
[WhiteElo "2573"]
[BlackElo "2362"]
[Annotator "TA"]
[PlyCount "103"]
[EventDate "2017.??.??"]
[EventType "swiss"]
[EventCountry "KAZ"]
[SourceTitle "playchess.com"]
[Source "ChessBase"]
[SourceQuality "1"]

{[%evp 18,103,36,29,31,21,107,62,69,71,68,70,64,45,108,106,112,100,113,80,92,95,72,83,70,83,80,90,89,45,84,84,93,89,119,119,105,111,112,111,112,112,118,111,111,101,106,78,113,93,166,100,171,182,206,178,215,217,257,247,247,253,254,219,200,186,365,350,407,400,394,376,451,441,604,597,571,604,601,562,831,788,1319,1393,1207,1370,1084,885]} 1. e4 c5 2. Nf3 e6 3. d4 cxd4 4. Nxd4 a6 5. Nc3 Qc7 6. Be2 b5 7. O-O Bb7 8. Re1 Nc6 9. Nxc6 dxc6 10. e5 Ne7 {B43: Sicilian: Kan Variation: 5 Nc3} 11. a4 $146 ({Predecessor:} 11. Bd3 Ng6 12. Qh5 c5 13. Bg5 Be7 14. Ne4 Bxe4 15. Bxe4 Rd8 16. Bxe7 Nxe7 17. Re3 Ng6 18. Bxg6 fxg6 {½-½ (25) Kasparov,G (2838)-Ye,J (2677) Batumi 2001}) 11... Qxe5 (11... Ng6 $11 {keeps the balance.}) 12. Bxb5 Qc7 {White is slightly better.} 13. Bc4 Ng6 14. Ne4 Be7 15. Bg5 {Strongly threatening Bxe7.} (15. Ng5 {feels hotter.} Bxg5 16. Bxg5 c5 17. Qh5 O-O 18. Rad1) 15... O-O (15... Rd8 $1 $14 16. Qh5 Qa5) 16. Bxe7 $16 Qxe7 17. Qh5 Rfd8 18. Qc5 a5 19. Qxe7 Nxe7 20. Nc5 Bc8 21. Rad1 Rxd1 22. Rxd1 {[%cal Rd1d8] [#]} Nd5 23. Bxd5 cxd5 {[%mdl 4096] Endgame KRB-KRN} 24. c4 Kf8 25. cxd5 exd5 26. Rxd5 Ke7 27. Kf1 Rb8 28. b3 Rb6 29. Ke2 Rh6 30. h3 Rg6 31. Kf1 h6 32. Re5+ Kd8 33. f3 Rd6 (33... Rb6 $16) 34. Ke1 (34. Ne4 $18 Rd3 35. Rxa5) 34... f6 (34... Rb6 $16 {was necessary.}) 35. Ne4 $18 Rb6 36. Rd5+ ({Don't do} 36. Rxa5 $6 Rxb3 37. Ra7 Rb7 $16) 36... Kc7 37. Nd2 ({Don't play} 37. Rxa5 $6 Rxb3 38. Rc5+ Kd7 $16) 37... Re6+ 38. Kd1 Ba6 39. Rxa5 Be2+ 40. Kc2 Rc6+ 41. Nc4 Bxc4 $2 {[#]} (41... Kb7 {is a better defense.} 42. Kc3 Bf1) 42. bxc4 Rxc4+ {KR-KR} 43. Kb3 Rd4 44. Ra7+ Kb6 45. Rxg7 {White is clearly winning.} Rd2 46. Kc3 Ra2 47. Kd4 Kc6 48. Ke4 Rxa4+ 49. Kf5 h5 50. Kxf6 Ra2 51. Rg5 h4 52. Kg6 {Precision: White = 69%, Black = 48%.} 1-0

[Event "Almaty Open 2017"]
[Site "Almaty"]
[Date "2017.10.08"]
[Round "6"]
[White "Yudin, Sergei"]
[Black "Akhmetov, Ayan"]
[Result "1-0"]
[WhiteElo "2517"]
[BlackElo "2397"]
[Annotator "TA"]
[PlyCount "45"]
[EventDate "2017.??.??"]
[EventType "swiss"]
[EventCountry "KAZ"]
[SourceTitle "playchess.com"]
[Source "ChessBase"]
[SourceQuality "1"]

{[%evp 21,45,15,36,0,0,0,4,-12,157,129,150,137,181,122,273,244,459,364,447,454,452,462,509,458,976,965]} 1. e4 c5 2. Ne2 e6 3. g3 d5 4. Bg2 Nf6 5. exd5 exd5 6. d4 Nc6 7. O-O Be7 8. Nbc3 O-O {C00: French: Unusual White 2nd moves} 9. Be3 cxd4 10. Nxd4 h6 11. h3 Re8 {LiveBook: 7 Games} 12. Re1 Bb4 13. Nde2 $146 ({Predecessor:} 13. a3 Bxc3 14. bxc3 Na5 15. g4 Ne4 16. Qd3 b6 17. Bf4 Bb7 {1-0 (33) Carlsen,M (2837)-Kotsur,P (2548) Astana 2012}) 13... Bf5 14. g4 Bxg4 $2 {[#]} ({Black should try} 14... Be6 $11) 15. hxg4 $16 Nxg4 16. Nd4 ({And not} 16. a3 Rxe3 17. axb4 Qh4 $17) 16... Nce5 17. a3 (17. Bf4 $18) 17... Bc5 $2 (17... Bxc3 $16 18. bxc3 Rc8) 18. Nxd5 Bxd4 $2 {[#]} (18... Qh4 19. Nf3 Nxf3+ 20. Qxf3 Qh2+ 21. Kf1 Qh4) 19. Qxd4 Rc8 20. Bf4 {White is clearly winning.} Rc4 21. Qd2 ({Weaker is} 21. Bxe5 Rxd4 22. Bxd4 Re6 $16) 21... Re6 22. Rad1 Rg6 (22... Qc8 $142 23. c3 Ng6) 23. Bxe5 {Precision: White = 57%, Black =  2%.} 1-0

[Event "Almaty Open 2017"]
[Site "Almaty"]
[Date "2017.10.08"]
[Round "6"]
[White "Burmakin, Vladimir"]
[Black "Kozganbay, Erkin"]
[Result "1/2-1/2"]
[WhiteElo "2515"]
[BlackElo "2342"]
[Annotator "TA"]
[PlyCount "94"]
[EventDate "2017.??.??"]
[EventType "swiss"]
[EventCountry "KAZ"]
[SourceTitle "playchess.com"]
[Source "ChessBase"]
[SourceQuality "1"]

{[%evp 15,94,16,19,0,0,-2,7,0,7,2,0,0,0,13,18,5,16,0,0,0,33,0,0,0,24,27,21,25,31,33,35,6,17,-9,-8,-16,-6,-16,-16,-17,-16,-16,-16,-17,0,-2,-4,-4,0,0,0,-5,-14,-30,0,-11,0,0,0,0,0,0,0,0,0,0,0,0,8,8,8,0,0,-8,-8,-8,-8,-14,0,0,0]} 1. d4 f5 2. g3 g6 (2... Nf6 3. Bg2 e6 4. c4 d5 5. Nd2 Bd6 6. Nh3 O-O 7. O-O Nc6 8. e3 b6 9. b3 a5 10. Bb2 Ba6 11. Nf4 Bxf4 12. exf4 Ne4 {0-1 (33) Karjakin,S (2781)-Carlsen,M (2832) Stavanger 2017}) 3. Nh3 Bg7 4. Nf4 Nc6 5. c3 e5 6. dxe5 {A81: Dutch Defence: 2 g3} Nxe5 7. Bg2 Nf6 8. h4 $146 ({Predecessor:} 8. O-O c6 9. Nd2 O-O 10. c4 {1-0 (35) Roa Alonso,S (2357)-Ruiz Saiz,A (2202) Collado Villalba 2004}) 8... c6 {LiveBook: 6 Games} 9. Nd2 d5 10. Qb3 Ne4 11. Bxe4 fxe4 12. c4 dxc4 13. Nxc4 Nxc4 14. Qxc4 Qd4 15. Qb3 Qb6 16. Qc4 Qd4 $1 {[%cal Rd4c4]} 17. Qb3 Qf6 18. O-O Qf7 $1 19. Qe3 Bf5 20. Bd2 O-O 21. Bc3 Rfd8 22. Bxg7 Qxg7 23. Qb3+ Qf7 24. Qxf7+ (24. Qa3 {with more complications.} Qf8 25. Qa5 Rd4 26. Rfd1 Qd8 27. Qe1) 24... Kxf7 25. Rfd1 h6 26. Ng2 Be6 27. Kf1 Ke7 28. Rxd8 Rxd8 $11 {[%mdl 4096] Endgame KRB-KRN} 29. Ke1 Rd5 30. Ne3 Rb5 31. Nd1 Kf6 32. Kd2 Ke5 33. Ke3 Rb4 34. f3 c5 35. Rc1 {The position is equal.} b6 36. a3 Rb3+ 37. Rc3 $1 exf3 38. exf3 Rxc3+ 39. Nxc3 {KB-KN} Bd7 40. g4 a5 41. Ne4 Bc6 {[#] And now ...Bxe4 would win.} 42. f4+ Kd5 43. g5 hxg5 44. fxg5 Ke5 45. Nf6 Kf5 46. Kd3 b5 47. a4 Ke5 {Precision: White = 63%, Black = 56%.} 1/2-1/2

[Event "Almaty Open 2017"]
[Site "Almaty"]
[Date "2017.10.07"]
[Round "6"]
[White "Khusenkhojaev, Muhammad"]
[Black "Zhalmakhanov, Ramazan"]
[Result "1/2-1/2"]
[WhiteElo "2466"]
[BlackElo "2252"]
[Annotator "TA"]
[PlyCount "119"]
[EventDate "2017.??.??"]
[EventType "swiss"]
[EventCountry "KAZ"]
[SourceTitle "playchess.com"]
[Source "ChessBase"]
[SourceQuality "1"]

{[%evp 9,119,19,18,-13,-13,-15,-16,-9,-12,0,0,-35,-11,-20,-21,-14,-18,-36,-36,-55,-43,-37,-31,-40,-31,-39,-22,-31,-11,-10,-9,-15,-14,-16,-2,-12,0,0,0,0,0,0,0,0,0,0,0,0,0,0,3,0,0,0,0,0,3,0,0,0,20,20,24,33,37,37,37,37,37,35,36,0,37,37,37,37,37,37,52,52,52,37,37,37,52,52,52,52,52,37,37,37,37,37,37,0,0,0,396,0,0,0,0,0,0,0,0,0,0,0,0,0]} 1. Nf3 c5 2. c4 Nc6 3. d4 cxd4 4. Nxd4 e6 5. g3 Qb6 6. Nc2 {A30: Symmetrical English: Double Fianchetto and Hedgehog} (6. Nf3 Bb4+ 7. Nbd2 Nf6 8. Bg2 O-O 9. O-O Be7 10. a3 a5 11. b3 d5 12. e3 Rd8 13. Bb2 dxc4 14. Nxc4 {0-1 (31) Karjakin,S (2770)-Grischuk,A (2795) Sochi 2014}) 6... Bc5 7. e3 Nf6 8. Bg2 {[#]} d5 $1 {[%mdl 512]} 9. Nd2 (9. cxd5 Nxd5) 9... Ne5 10. Qe2 Nxc4 $146 ({Predecessor:} 10... Bd7 11. b4 Be7 12. c5 Qb5 13. a4 Qxe2+ 14. Kxe2 a5 15. Bb2 Ng6 16. bxa5 Rxa5 {0-1 (29) Gruenberg,H (2290)-Knaak,R (2475) Leipzig 1973}) 11. Nxc4 dxc4 12. Qxc4 Bd7 13. b4 Be7 14. Qb3 $1 Bc6 15. Bxc6+ Qxc6 16. O-O O-O 17. Bb2 Rfc8 18. Rac1 Qd5 19. Qxd5 Nxd5 20. a3 a5 21. bxa5 Rxa5 22. Nb4 Re8 23. Nxd5 Rxd5 24. a4 Bf6 25. Bxf6 gxf6 $11 {[%mdl 4096] Endgame KRR-KRR} 26. Rc7 Ra5 27. Rd1 Rxa4 28. Rdd7 Rf8 29. Rxb7 Raa8 30. Rd4 Rfd8 31. Rf4 Kg7 32. Rb5 f5 33. g4 fxg4 34. Rg5+ Kf8 35. Rfxg4 Ke7 36. Rg7 Rh8 37. Rf4 Raf8 38. Kg2 e5 39. Rf5 Ke6 40. e4 h6 41. Kg3 f6 42. Rg6 h5 43. Kh3 Rh7 44. Kh4 Ke7 45. Rf3 Rhh8 46. h3 Rh7 47. Rf5 Rhh8 48. Rg7+ Ke6 49. Rxh5 Rxh5+ 50. Kxh5 $14 {KR-KR} f5 51. Rg6+ Ke7 52. Rg7+ Kd6 53. Rg6+ Kc5 $2 {[%mdl 8192] [#]} (53... Ke7 $1 $11) 54. Rg5 $2 ({Only move:} 54. exf5 $1 $18 Rxf5+ 55. Rg5) 54... fxe4 $11 {Strongly threatening ...Kd4.The position is equal.} 55. Rxe5+ Kd4 56. Re7 Rxf2 57. Kg4 Kd3 58. h4 e3 59. h5 Kd2 60. h6 {Precision: White = 67%, Black = 62%.} 1/2-1/2

[Event "Almaty Open 2017"]
[Site "Almaty"]
[Date "2017.10.08"]
[Round "6"]
[White "Markov, Mikhail"]
[Black "Stupak, Kirill"]
[Result "0-1"]
[WhiteElo "2420"]
[BlackElo "2578"]
[Annotator "TA"]
[PlyCount "90"]
[EventDate "2017.??.??"]
[EventType "swiss"]
[EventCountry "KAZ"]
[SourceTitle "playchess.com"]
[Source "ChessBase"]
[SourceQuality "1"]

{[%evp 10,90,10,-12,-25,-49,-9,-14,4,-54,-45,-61,-54,-54,-61,-82,-58,-54,-68,-64,-66,-57,-70,-62,-70,-95,-92,-182,-182,-182,-182,-177,-191,-197,-160,-154,-171,-151,-154,-175,-134,-205,-199,-200,-200,-197,-200,-200,-203,-210,-183,-202,-189,-190,-168,-168,-168,-176,-150,-150,-150,-186,-150,-150,-150,-495,-477,-412,-383,-387,-381,-471,-375,-655,-602,-1658,-1397,-29980,-29981,-29985,-29978,-29977,-29978]} 1. c4 Nf6 2. Nf3 e6 3. d4 c5 4. g3 cxd4 5. Nxd4 Qc7 6. Qb3 {LiveBook: 3 Partien. A32: Englische Eröffnung (Symmetrische Variante)} Bc5 7. e3 O-O $146 ({Vorgänger:} 7... b6 8. Bg2 Bb7 9. Nb5 Qc8 10. O-O Bxg2 11. Kxg2 Nc6 12. Qd1 O-O 13. N1c3 a6 {0-1 (26) Ermeni,A (2262)-Alekseev,E (2642) Skopje 2015}) 8. Bg2 {Die Stellung ist ausgeglichen.} d5 9. Nd2 (9. O-O $11) 9... Bxd4 $15 10. exd4 Nc6 11. Nf3 Na5 12. Qb4 dxc4 13. Bf4 Qd8 14. Bg5 b6 15. Ne5 Rb8 {[%cal Ba8b8,Bb8b7,Bb7c7,Bc7c4][%mdl 32]} 16. O-O Bb7 (16... Qxd4 $6 17. Rad1 $14) 17. Bxb7 Rxb7 18. Rfd1 (18. Rac1 $17) 18... Nd5 $19 19. Qxa5 Qxg5 (19... bxa5 20. Bxd8 Rxd8 21. Nxc4 $15) 20. Qa6 Rc7 21. h4 Qe7 22. Nxc4 Nb4 $1 {[%cal Rb4a6]} 23. Qa4 Rxc4 24. a3 Rd8 25. axb4 (25. d5 $17) 25... a5 $1 (25... Rxb4 26. Qxa7 Qf6 27. Rd2 $17) (25... Qxb4 26. Qxb4 Rxb4 27. Rxa7 $15) (25... Rcxd4 26. Rxd4 Rxd4 27. Qc6 $17) (25... Rdxd4 26. Rxd4 Rxd4 27. Qc6 $17) 26. d5 exd5 ({Viel schwächer ist} 26... Rxd5 27. Rxd5 exd5 28. Qb5 $17) (26... Rxb4 27. Qa2) 27. Re1 {[#]} Qf8 $1 (27... Qxb4 28. Re8+ Rxe8 29. Qxe8+ Qf8 30. Qd7 $17) 28. Rad1 d4 {[%cal Bd5d4,Bd4d3][%mdl 32]} ({Bloß nicht} 28... Qxb4 29. Qxb4 Rxb4 {[#]} 30. Rxd5 $1 $17 {[%mdl 512]}) (28... axb4 29. Qb5 $15) 29. Re4 Rxb4 30. Qc6 g6 ({Jedoch nicht} 30... Rxb2 $2 31. Rde1 $18) 31. Qf6 d3 32. Rxb4 axb4 33. Qxb6 {[%mdl 4096] Endspiel KDT-KDT} Rd5 34. Rd2 h5 35. Kh2 Kg7 36. Qe3 Qd6 37. Qe4 $2 (37. Kh1 $17 {leistet mehr Widerstand.}) 37... Rd4 38. Qe3 Rxh4+ $1 39. Kg1 Rd4 40. Kg2 Qd5+ 41. f3 $2 (41. Qf3) 41... Qd6 42. Qg5 Rc4 43. Kf2 Rc2 {Schwarz setzt Matt.} 44. Ke3 Rxd2 45. Kxd2 Qd4 {Precision: Weiß = 43%, Schwarz = 74%.} 0-1

[Event "Almaty Open 2017"]
[Site "Almaty"]
[Date "2017.10.08"]
[Round "6"]
[White "Makhnev, Denis"]
[Black "Malakhatko, Vadim"]
[Result "0-1"]
[WhiteElo "2362"]
[BlackElo "2511"]
[Annotator "TA"]
[PlyCount "96"]
[EventDate "2017.??.??"]
[EventType "swiss"]
[EventCountry "KAZ"]
[SourceTitle "playchess.com"]
[Source "ChessBase"]
[SourceQuality "1"]

{[%evp 17,96,33,70,0,37,16,50,57,67,0,7,29,37,22,99,87,91,92,87,24,30,26,18,23,106,77,113,37,64,38,66,48,66,75,123,112,114,93,161,164,156,81,68,-204,-168,-298,-297,-296,-290,-290,-291,-314,-254,-458,-536,-528,-529,-528,-520,-513,-498,-443,-469,-692,-701,-783,-751,-29975,-29977,-29978,-29978,-29978,-29978,-29984,-29985,-29987,-29988,-29990,-29988,-29988,-29989]} 1. Nf3 d5 2. g3 g6 3. Bg2 Bg7 4. O-O e5 5. c4 d4 6. e3 {A09: Réti Opening: 1 Nf3 d5 2 c4} Ne7 7. exd4 exd4 8. d3 O-O 9. b4 a5 {LiveBook: 4 Games} 10. bxa5 $146 (10. b5 $14) ({Predecessor:} 10. b5 Re8 11. Ba3 Nd7 12. Nbd2 Rb8 13. Re1 Nf5 14. Nb3 a4 15. Rxe8+ Qxe8 {0-1 (78) Kozul,Z (2613)-Svane,R (2555) Doha 2016}) 10... Nbc6 11. Na3 Rxa5 12. Nb5 Na7 {[%cal Bc6a7,Ba7b5,Bb5c3][%mdl 32]} 13. Bd2 (13. Bg5 $1 $14) 13... Rxb5 14. cxb5 Nxb5 15. Qb3 c6 (15... Nc3 $11) 16. a4 $36 {[%mdl 2048] Black is under strong pressure.} Nc3 17. Rfe1 Ned5 18. Bc1 ({White should play} 18. a5 $16) 18... Qa5 $11 19. Ba3 Rd8 20. Nd2 Qc7 (20... c5 $11) 21. Ne4 b6 {[#]} 22. Qc4 (22. Bd6 $1 $16 {[%mdl 512]} Qb7 (22... Rxd6 23. Nxd6) 23. a5) 22... Nxe4 23. Bxe4 Be6 24. Rac1 c5 {[#]} 25. a5 $1 {[%cal Ra5b6][%mdl 512]} Nc3 (25... bxa5 26. Qxc5) 26. axb6 Qxb6 27. Qxc5 Qa6 (27... Qxc5 $16 28. Bxc5 Nxe4 29. dxe4 (29. Rxe4 Bf5 $16) 29... d3) 28. Qe7 $18 Rb8 {Threatens to win with ...Bf8.} 29. Ra1 ({Better is} 29. Qd6 $1 {[%cal Rd6a6]} Qxd6 30. Bxd6) 29... Nxe4 $16 30. Rxe4 $4 {[%mdl 8192]} (30. dxe4 $14 Bf8 31. Qxf8+ $1 {[%mdl 512]} Rxf8 32. Bxf8) 30... Bf8 $1 $19 {[%cal Rf8e7]} ({Weaker is} 30... Qxd3 31. Ree1 $11) 31. Rxe6 (31. Qc7 $142 Rc8 32. Qf4 Bxa3 33. Qh6) 31... fxe6 32. Qc7 Rc8 $1 {[%cal Rc8c7]} ({Stronger than} 32... Rb3 33. Bb2 $11) 33. Qd7 Bxa3 34. Kg2 Ra8 35. Rxa3 $2 (35. Re1 {is a better defense.}) 35... Qxa3 36. Qxe6+ Kf8 37. Qf6+ {[#]} Ke8 $1 38. Qe6+ {[#]} Kd8 $1 39. Qg8+ Kd7 40. Qxh7+ (40. Qd5+ $142 Ke7 41. Qb7+ Kf6 42. Qc6+ Kg5 43. Qe4) 40... Kc6 41. Qxg6+ Qd6 42. Qxd6+ Kxd6 {[%mdl 4096] Endgame KR-KP. Black mates.} 43. Kf3 Ke5 44. h4 Ra3 45. h5 Rxd3+ 46. Kg4 Rd1 47. f4+ Kf6 48. Kf3 Re1 {Precision: White = 39%, Black = 50%.} 0-1